Statistiche per Stati per popolazione - Asia

Clicka qui per fare il quiz!

Statistiche generali

  • Questo quiz è stato fatto 7 volte
  • Il punteggio medio è 9 su 10

Statistiche sulle risposte

Popolazione (ab.)Nazione% Corretto
1 425 671 352Cina
100%
117 337 368Filippine
100%
123 294 513Giappone
100%
1 428 627 663India
100%
272 096 348Indonesia
100%
240 485 658Pakistan
100%
98 858 950Vietnam
100%
172 954 319Bangladesh
86%
89 172 767Iran
86%
73 568 471Turchia
71%

Distribuzione punteggi

Percentile per numero di risposta

Percentuale di utenti per punteggio

I tuoi punteggi nel tempo

Non hai fatto questo quiz